[Event "Schwarzach op-C 26th"]
[Site "Schwarzach"]
[Date "2011.08.21"]
[Round "2.3"]
[White "Lechner, Markus"]
[Black "Freh, Walter"]
[Result "1/2-1/2"]
[WhiteElo "1555"]
[BlackElo "1662"]
[PlyCount "60"]
[EventDate "2011.08.20"]
[EventType "swiss"]
[EventRounds "9"]
[EventCountry "AUT"]
[SourceTitle "EXT 2024"]
[Source "ChessBase"]
[SourceDate "2023.10.10"]
[SourceVersion "1"]
[SourceVersionDate "2023.10.10"]
[SourceQuality "1"]

1. f4 Nc6 2. e3 e5 3. fxe5 Nxe5 4. Nf3 Nxf3+ 5. Qxf3 d5 6. b3 Nf6 7. Bb2 Be7 8. h3 Be6 9. Bd3 Qd7 10. 0-0 0-0-0 11. Bf5 h6 12. Bxe6 fxe6 13. Qg3 Rhg8 14. d3 Bd6 15. Qf3 Rgf8 16. Nd2 Ne4 17. Qe2 Ng3 18. Rxf8 Rxf8 19. Qg4 Qf7 20. Qf3 Qg6 21. Qg4 Qxg4 22. hxg4 Rf7 23. Nf3 h5 24. Ne5 Bxe5 25. Bxe5 h4 26. Bxg3 hxg3 27. Rf1 Rxf1+ 28. Kxf1 Kd7 29. Ke2 a5 30. Kf3 g5 1/2-1/2

[Event "AUT-ch U14"]
[Site "Eisenstadt"]
[Date "2010.05.24"]
[Round "5.9"]
[White "Lechner, Markus"]
[Black "Schamberger, Maximilian"]
[Result "1-0"]
[WhiteElo "1557"]
[BlackElo "1488"]
[PlyCount "43"]
[EventDate "2010.05.22"]
[EventType "swiss"]
[EventRounds "7"]
[EventCountry "AUT"]
[SourceTitle "EXT 2024"]
[Source "ChessBase"]
[SourceDate "2023.10.10"]
[SourceVersion "1"]
[SourceVersionDate "2023.10.10"]
[SourceQuality "1"]

1. f4 c5 2. b3 Nf6 3. Bb2 e6 4. Nf3 d6 5. e3 a6 6. Be2 b5 7. d3 Nc6 8. Nbd2 Bb7 9. h3 Nh5 10. 0-0 Ng3 11. Re1 Nb4 12. Nf1 Nxe2+ 13. Rxe2 Bxf3 14. gxf3 Nd5 15. Qe1 b4 16. a3 Nc3 17. Rg2 a5 18. Bxc3 bxc3 19. Qxc3 Rg8 20. Qc4 Qb6 21. Qe4 g6 22. Qxa8+ 1-0

[Event "AUT-ch U14"]
[Site "Eisenstadt"]
[Date "2010.05.24"]
[Round "6.5"]
[White "Schnegg, Anna Lena"]
[Black "Lechner, Markus"]
[Result "1-0"]
[WhiteElo "1810"]
[BlackElo "1557"]
[PlyCount "41"]
[EventDate "2010.05.22"]
[EventType "swiss"]
[EventRounds "7"]
[EventCountry "AUT"]
[SourceTitle "EXT 2024"]
[Source "ChessBase"]
[SourceDate "2023.10.10"]
[SourceVersion "1"]
[SourceVersionDate "2023.10.10"]
[SourceQuality "1"]

1. e4 e5 2. Bc4 Nf6 3. d3 Nc6 4. Nc3 Bb4 5. Nge2 d6 6. 0-0 Bg4 7. a3 Bxc3 8. bxc3 0-0 9. f4 exf4 10. Bxf4 Re8 11. Bg5 h6 12. Bxf6 gxf6 13. Rf2 Qe7 14. Qd2 Na5 15. Ba2 Kg7 16. Nd4 Qe5 17. Raf1 Bd7 18. Rf5 Bxf5 19. Nxf5+ Kg8 20. Qxh6 Qc5+ 21. d4 1-0

[Event "AUT-ch U14"]
[Site "Eisenstadt"]
[Date "2010.05.23"]
[Round "4.7"]
[White "Rauchlahner, Robert Jr"]
[Black "Lechner, Markus"]
[Result "1-0"]
[WhiteElo "1582"]
[BlackElo "1557"]
[PlyCount "63"]
[EventDate "2010.05.22"]
[EventType "swiss"]
[EventRounds "7"]
[EventCountry "AUT"]
[SourceTitle "EXT 2024"]
[Source "ChessBase"]
[SourceDate "2023.10.10"]
[SourceVersion "1"]
[SourceVersionDate "2023.10.10"]
[SourceQuality "1"]

1. d4 d5 2. Nf3 Nf6 3. c4 c6 4. Nc3 Bf5 5. cxd5 cxd5 6. Qb3 Qb6 7. Qxb6 axb6 8. e3 e6 9. Bb5+ Nc6 10. Ne5 Rc8 11. Na4 Bb4+ 12. Bd2 Ba5 13. b4 Bxb4 14. Bxb4 Ng4 15. Nxb6 Rc7 16. Bd6 Kd8 17. Bxc7+ Kxc7 18. Bxc6 bxc6 19. Na4 Nxe5 20. dxe5 Ra8 21. Nc3 Ra3 22. Ne2 Ra4 23. 0-0 Re4 24. Ng3 Rg4 25. Nxf5 exf5 26. a4 Kb7 27. Rfb1+ Ka7 28. a5 c5 29. a6 Rb4 30. Rxb4 cxb4 31. Rb1 Kxa6 32. Rxb4 1-0